000 01588nam a2200373 c 4500
003 BLK
005 20180420231006.0
008 180409b bul|||||r ||||||| ||bul||
010 _aKNG00120083000
040 _aBLK
041 _aBUL
_cBUL
080 _aИзкуство. Художествени занаяти. Фотография. Музика. Развлечения. Игри. Спорт
_b7
_x(520)
_z7(520)
080 _aЯпонска литература
_b821.521
_x.09-1
_z821.521.09-1
100 1 _aЦигова, Бойка Елитова
_eпърви автор
_9313594
139 _aЦигова, Бойка Елитова
_bЦ 59
245 1 0 _aДзен естетиката в японската художествена традиция
_cБойка Елитова Цигова.
257 _aBGR
260 София
_bНаука и изкуство
_c1988
300 _a144 с., 24 л.
_bцв. ил.
_c21 см
380 _a7
500 _aБиблиогр. с. 135-139. - Именен показалец
650 4 _aИзкуство
_9156342
650 4 _aИзкуство - естетика и философия
_9258803
650 4 _aИзкуство, японско
_9313595
653 _aизкуство
653 _aестетика
653 _aдзен-будизъм
653 _aяпонска литература
852 _aЦб 154075
856 4 _qpdf
_u
856 4 _qpdf
_u
942 _cKNG
_n0
944 _aCR
_c12.11.2010
_lдобави в АБ / 11.11.2010
_kИрена_Линкова
944 _aED
_c10.02.2015
_lдобави в АБ / 11.11.2010
_kИрена_Линкова
999 _c114651
_d114651